|
|
|
|
| LEADER |
01105cam a2200265 7i4500 |
| 001 |
0000066764 |
| 005 |
20220304090000.0 |
| 020 |
|
|
|a 9781108428149
|
| 090 |
0 |
0 |
|a QC176.8.N35
|b M58 2019
|
| 100 |
1 |
|
|a Mitin, Vladimir V
|
| 245 |
1 |
0 |
|a Introduction to optical and optoelectronic propertes of nanostructures
|c Vladimir V. Mitin, Viacheslav A. Kochelap, Mitra Dutta, Micheal A. Stroscio.
|
| 264 |
|
|
|a Cambridge, United Kingdom ; New York, NY:
|b Cambridge University Press,
|c 2019.
|
| 300 |
|
|
|a 1 online resource (xii, 403 pages):
|b illustrations, text file PDF.
|
| 336 |
|
|
|a text
|2 rdacontent
|
| 337 |
|
|
|a computer
|2 rdamedia
|
| 338 |
|
|
|a online resource
|2 rdacarrier
|
| 650 |
0 |
0 |
|a Nanostructures --
|x Electric properties
|
| 650 |
0 |
0 |
|a Nanostructures --
|x Optical properties
|
| 655 |
0 |
0 |
|a Electronic books
|
| 700 |
1 |
|
|a Kochelap, V. A
|
| 700 |
1 |
|
|a Dutta, Mitra
|
| 700 |
1 |
|
|a Stroscio, Michael A
|
| 856 |
4 |
2 |
|u http://library.unisel.edu.my/web/guest/mylibrary
|
| 997 |
|
|
|a Engineering & Life Sciences, Faculty
|b Science & Biotechnology, Department
|
| 999 |
|
|
|a EBO0011376
|b EBOOK
|c EBOOK
|e Electronic resources
|